000 00887nam a22001817a 4500
999 _c64100
_d64100
003 Ge_BSU
005 20260401114923.0
008 260401s2007 ge ||||| |||| 00| 0 geo d
041 _ageo
080 _a338.22 რ-72
245 _aროგორ დავიწყოთ საკუთარი ბიზნესი :
_bაშშ მცირე ბიზნესის ადმინისტრაციის ექსპერტული რჩევა /
_cშემდგ. G.Howard Potteet ; [რედ. რევაზ ვაჩნაძე].
264 _aთბ.,
_c2007.
300 _a216 გვ. ;
_b29 სმ.
653 _aბიზნესი
700 _aპოტეტი, ჰოვარდ ჯ.
_eშემდგენელი
_927248
700 _aვაჩნაძე, რევაზ
_eრედაქტორი
_927249
942 _2udc
_cᲬᲘᲒᲜᲘ